000 00584nam a2200205 a 4500
001 19878
003 CO-ViMGA
008 141112s2004 ck r 000 u spa d
020 _a8428107483
040 _aCO-ViMGA
_bspa
_cCO-ViMGA
082 0 4 _a666.1 P696v
100 1 _aPoza Lleida, Jose María de la
_928842
245 1 0 _aEl Vidrio y sus aplicaciones
260 _aBarcelona :
_bOikos - tau,
_c1991
300 _a112 p.
590 _aForma de adquisición : Premio Mincultura
650 1 4 _aFABRICACION DEL VIDRIO
_928843
650 1 4 _aVIDRIO - HISTORIA
_926328
942 _2ddc
_cBK
999 _c29002
_d29002